000 00657nam a2200277Ia 4500
008 160321s9999||||xx |||||||||||||| ||und||
040 _cEnglish
082 _aXI.E/Diwakar
082 _bBORI-18761
100 _aS. C. Diwaker
245 _aReligion and Peace
260 _aMathura
260 _bAll India Digamber Jain Sangh
300 _axxvii+326
300 _cB
300 _eHardbound
530 _u00015305.pdf
563 _aStudy
600 _aS. C. Diwaker
630 _aReligion and Peace
650 _aGeneral Indology
650 _aReligion
700 _aS. C. Diwaker
730 _aReligion and Peace
942 _cBOOK
999 _c1358548
_d1358545